| 000 | 00751nam a2200229Ia 4500 | ||
|---|---|---|---|
| 003 | OSt | ||
| 005 | 20240801114848.0 | ||
| 008 | 210716s1952 xx 000 0 und d | ||
| 040 | _cAIMIT LIBRARY | ||
| 041 | _aeng | ||
| 082 |
_a374.22 _21 _bSLYL |
||
| 100 |
_aSlyke, Lyman P Van. _9174734 |
||
| 245 |
_aChinese communist movement / _cEdited by Lyman P Van Slyke. |
||
| 250 | _a1st ed. | ||
| 260 |
_aU S A : _bStanford university press , _c1952. |
||
| 300 |
_axi,274p. ; _bHB _c23.2 cm |
||
| 650 |
_aThe political situation in communist areas _9174735 |
||
| 650 |
_aThe chinese communist army _9174736 |
||
| 650 |
_aThe economic situation in communist areas _9174737 |
||
| 700 |
_aSlyke, Lyman P Van. _9174734 |
||
| 942 |
_2ddc _cBK _e1st _k374.22 SLYL |
||
| 999 |
_c201189 _d201189 |
||